000 01267cam a2200301 i 4500
003 SA-RiAUC
005 20241107122010.0
008 241106s1979 ua g b 00010 ara c
040 _aSA-RiAUC
_bara
_cSA-RiAUC
_erda
082 0 4 _a231.1
_qSA-RiAUC
090 _a231.1
_bا ب ن ف
100 1 _aابن فورك، محمد بن الحسن،
_dتوفي 406 هجري
_eمؤلف.
245 1 0 _aمشكل الحديث وبيانه /
_cأبي بكر بن فورك ؛ تحقيق وتعليق موسى محمد علي.
264 1 _aالقاهرة :
_bدار الكتب الحديثة،
_c1979
264 3 _a[مكان الطبع غير محدد] :
_bمطبعة حسان
300 _a542 صفحة ؛
_c24 سم
336 _aنص
_btxt
_2rdacontent
_3كتاب
337 _aبدون وسيط
_bn
_2rdamedia
338 _aمجلد
_bnc
_2rdacarrier
504 _aيشتمل على إرجاعات ببليوجرافية.
504 _aببليوجرافية : صفحة 541-542.
650 7 _aتوفيق الحديث
_2aucsh
650 7 _aالحديث
_xالمؤتلف والمختلف
_2aucsh
700 1 _aالموشي، موسى محمد علي
_eمحقق.
942 _2ddc
_cBOOK
_n0
949 _aSA-JeALM
_d241106
_umohamedma123
_n1
999 _c2171
_d2171